| 000 | 00737nam a22001817a 4500 | ||
|---|---|---|---|
| 005 | 20240926110952.0 | ||
| 010 | _aHIN-128468 | ||
| 020 |
_a9789356847927 _c200.00 |
||
| 035 | _aHN-100814 | ||
| 037 | _bDBAD | ||
| 082 | _aउ | ||
| 100 |
_aचमोला, दिनेश _971988 |
||
| 245 |
_aबुलंद हौसले/ _cदिनेश चमोला |
||
| 260 |
_aनई दिल्ली _bडायमंड पॉकेट बुक्स _c2023 |
||
| 270 |
_aX-30, ओखला इंडस्ट्रियल एरिया, फेज-2 _bनई दिल्ली _e110020 _k011-40712200 _msales@dpb.in |
||
| 300 |
_a162 पृ. _c22 सेमी (अजिल्द) |
||
| 942 |
_cHN _2ddc _hउ _mचमोला |
||
| 999 |
_c205916 _d205916 |
||